Statistics for Modern chinese history (1900-2017)

Click here to take the quiz!

General Stats

  • This quiz has been taken 88 times
  • The average score is 6 of 15

Answer Stats

QuestionAnswer% Correct
Island KMT fled toTaiwan
95%
Founder of PRCMao Zedong
94%
Hong Kong Handover year1997
81%
Macau handover year1999
73%
Current presidentXi Jin Ping
64%
Year PRC took ROC UN seat1971
43%
Year when long march began1934
41%
Year China took over Japan's GDP2010
39%
Capital of ROC (before 1949)Nanking
36%
Date of founding of PRC1 October 1949
30%
Year when China launched first satelite1970
24%
Current trade initiativeOne belt one road
11%
Over what is there a dispute over Japanese takeover ofDiaoyu Islands
5%
First nuclear weapon testOctober 16 1964
4%
Day PRC got involved in Korean War25 October 1950
1%

Score Distribution

Percentile by Number Answered

Percent of People with Each Score

Your Score History

You have not taken this quiz